| 000 | 00916cam a22002055a 4500 | ||
|---|---|---|---|
| 001 | L137737 | ||
| 008 | 070425s2007 xxk f 000 0 eng d | ||
| 035 | _a(Sirsi) u137737 | ||
| 041 | 0 | _aeng | |
| 100 | 1 | _aYounes, Elie | |
| 245 | 0 | 0 |
_aHotel investment risk _bwhat are the chances? |
| 260 | _c2007 | ||
| 490 | 0 |
_aJournal of Retail and Leisure Property _v6(1) January 69-78(10) |
|
| 520 | _aDiscusses the different options for investment in the hotel sector, including limited service hotels, full service hotels, serviced apartments and shared ownership hotel. Considers whether mortgages for limited service hotels should be structured in a similar way to full service hotels or other type of hotel assets. | ||
| 590 | _aKA | ||
| 651 | 4 |
_aEngland and Wales _y1543- |
|
| 690 | _aPROPERTY-COMMERCIAL PROPERTY-LEISURE PROPERTY-HOLIDAY AND GUEST PROPERTY-HOTEL PROPERTY | ||
| 700 | 1 | _aKett, Russell | |
| 942 | _n0 | ||
| 999 |
_c78700 _d78700 |
||